Viajeros medievales: los ricos y los insatisfechos
Salvato in:
| Autore principale: | |
|---|---|
| Natura: | Libro |
| Lingua: | spagnolo |
| Pubblicazione: |
Madrid
Nerea
1992
|
| Soggetti: | |
| Tags: |
Aggiungi Tag
Nessun Tag, puoi essere il primo ad aggiungerne!!
|
MARC
| LEADER | 00000nam a2200000 a 4500 | ||
|---|---|---|---|
| 001 | UCV9922 | ||
| 003 | CL-VaPUC | ||
| 008 | 930730e19920000SP |||||||||||||||||spa|d | ||
| 082 | 0 | 4 | |a 305.523 |b LAB |2 21 |
| 100 | |a Labarge, Margaret Wade |e author |9 323031 | ||
| 245 | 1 | 0 | |a Viajeros medievales: los ricos y los insatisfechos |
| 300 | |a 340 p | ||
| 942 | |c BK | ||
| 945 | |d 19930730 00:00:00 |a oaravena | ||
| 260 | |a Madrid |b Nerea |c 1992 | ||
| 650 | 0 | |a Grupos sociales |9 268887 | |
| 650 | 7 | |a DIPLOMATICOS |2 CL-VaPUC |9 268888 | |
| 650 | 7 | |a HOMBRES RICOS |2 CL-VaPUC |9 268889 | |
| 650 | 0 | |a Viajeros |9 267525 | |
| 650 | 7 | |a HISTORIA SIGLOS 5-15 |2 CL-VaPUC |9 268890 | |
| 651 | 0 | |a Europa |9 255156 | |
| 583 | |a last modification |c 19930730 00:00:00 |k Rodrigo Vera | ||
| 999 | |c 215193 |d 215191 | ||
| 952 | |0 0 |1 0 |4 0 |6 305_523000000000000_LAB_1992 |7 0 |8 P |9 199223 |a BIBARQ |b BIBARQ |d 2019-11-14 |i 2665395 |o 305.523 LAB 1992 |p 2665395 |r 2025-01-20 |w 2019-11-14 |y BK |k ARQ | ||
| 952 | |0 0 |1 0 |4 0 |6 305_523000000000000_LAB_1992 |7 0 |8 A |9 199224 |a BIBHIS |b BIBHIS |d 2019-11-14 |i 3000079 |o 305.523 LAB 1992 |p 3000079 |r 2025-01-20 |w 2019-11-14 |y BK |k HIS | ||